[Event "Tourn. n9344"]
[Site "www.chess-mail.com"]
[Date "2017.05.09"]
[Round "1"]
[White "Said1991"]
[Black "Foxy100"]
[WhiteElo "2219"]
[BlackElo "2210"]
[Result "1-0"]
[Round "1"]
1.e4 e5
2.Ng1f3 Nb8c6
3.Bf1b5 a6
4.Bb5a4 Ng8f6
5.O-O Bf8e7
6.Rf1e1 b5
7.Ba4b3 O-O
8.c3 d6
9.d4 Bc8g4
10.dxe5 Nc6xe5
11.Nb1d2 h6
12.h3 Bg4h5
13.Bb3c2 Nf6d7
14.Nd2f1 Bh5xf3
15.gxf3 Ne5g6
16.f4 Be7h4
17.Qd1g4 Nd7f6
18.Qg4f3 Nf6d7
19.Nf1g3 Bh4xg3
20.fxg3 Nd7c5
21.Bc1e3 Nc5d7
22.Ra1d1 Qd8e8
23.h4 f6
24.h5 Ng6e7
25.Qf3g4 f5
26.exf5 Nd7f6
27.Qg4f3 Qe8xh5
28.Qf3xh5 Nf6xh5
29.g4 Nh5f6
30.g5 Nf6g4
31.f6 gxf6
32.Be3d4 { resign }
1-0

[Event "Tourn. n9231"]
[Site "www.chess-mail.com"]
[Date "2017.05.09"]
[Round "1"]
[White "Picifarkinca"]
[Black "Roque1"]
[WhiteElo "1820"]
[BlackElo "1860"]
[Result "1-0"]
[Round "1"]
1.e4 c5
2.c3 e6
3.d4 cxd4
4.cxd4 Ng8f6
5.Bf1d3 Qd8a5
6.Bc1d2 Bf8b4
7.Bd2xb4 Qa5xb4
8.Qd1d2 Qb4xd4
9.Nb1c3 O-O
10.Ng1f3 Qd4b6
11.O-O Nb8c6
12.Nc3b5 d5
13.exd5 Nf6xd5
14.Nb5d6 Bc8d7
15.Nd6c4 Qb6c7
16.a3 a5
17.Ra1c1 Nc6a7
18.Nc4xa5 Bd7b5
19.Rc1xc7 Nd5xc7
20.Bd3xb5 Na7xb5
21.Na5xb7 Ra8a7
22.Nb7c5 Nc7d5
23.Nf3d4 Nb5d6
24.Rf1c1 Rf8c8
25.f3 Ra7c7
26.b4 Rc7a7
27.Rc1a1 Nd6c4
28.Qd2c1 Nd5e3
29.Qc1c3 e5
30.Nd4b5 Ra7e7
31.Nb5d6 Rc8c6
32.Nd6xc4 Ne3d5
33.Qc3d2 Nd5c7
34.Qd2d8 Re7e8
35.Qd8d7 Rc6xc5
36.bxc5 Kf8
37.Qd7xc7 e4
38.Qc7d6 Kg8
39.Nc4e5 e3
40.Ne5xf7 Kxf7
41.Qd6d7 Re8e7
42.Qd7xe7 Kxe7
43.Kf1 Ke6
44.Ke2 { resign }
1-0

[Event "Tourn. n9308"]
[Site "www.chess-mail.com"]
[Date "2017.05.09"]
[Round "1"]
[White "Falcoale"]
[Black "Picifarkinca"]
[WhiteElo "2000"]
[BlackElo "2010"]
[Result "0-1"]
[Round "1"]
1.e4 e6
2.d4 d5
3.e5 c5
4.c3 Qd8b6
5.Ng1f3 Bc8d7
6.b3 Bd7b5
7.Nb1d2 Bb5xf1
8.Nd2xf1 Nb8c6
9.Bc1e3 cxd4
10.Nf3xd4 Nc6xd4
11.Be3xd4 Bf8c5
12.Nf1e3 Bc5xd4
13.cxd4 Ra8c8
14.O-O Ng8e7
15.Qd1g4 O-O
16.f4 Qb6xd4
17.Qg4e2 Ne7f5
18.Rf1f3 Qd4xa1
19.Rf3f1 Qa1d4
{ resign }
0-1

[Event "Tourn. n9138"]
[Site "www.chess-mail.com"]
[Date "2017.05.09"]
[Round "1"]
[White "Conde7"]
[Black "Aperturaf"]
[WhiteElo "2890"]
[BlackElo "2380"]
[Result "1-0"]
[Round "1"]
1.e4 e6
2.d4 d5
3.Nb1d2 Nb8c6
4.Ng1f3 Ng8f6
5.e5 Nf6d7
6.Bf1e2 f6
7.exf6 Qd8xf6
8.Nd2f1 Bf8d6
9.Nf1e3 O-O
10.O-O Qf6g6
11.c3 Nd7f6
12.g3 Bc8d7
13.a4 a5
14.Nf3h4 Qg6e8
15.f4 Nc6e7
16.Ne3g4 c5
17.Ng4xf6 Rf8xf6
18.Be2h5 Qe8c8
19.Bc1e3 c4
20.Rf1e1 Ra8a6
21.b3 b5
22.axb5 Bd7xb5
23.bxc4 Bb5xc4
24.Be3c1 Bc4b5
25.Qd1b3 Qc8c6
26.Bc1a3 a4
27.Qb3b2 Bd6xa3
28.Qb2xa3 Ne7f5
29.Nh4f3 Qc6d6
30.Qa3b2 Ra6a5
31.Qb2d2 Qd6c7
32.Nf3g5 Bb5d7
33.Bh5g4 Ra5a7
34.Ra1a3 Nf5d6
35.Qd2d1 Nd6c4
36.Ra3a2 Qc7d6
37.Bg4e2 Bd7c6
38.Qd1d3 g6
39.Re1b1 Rf6f8
40.Be2g4 Ra7e7
41.Rb1b4 a3
42.h4 Rf8a8
43.h5 Bc6e8
44.h6 Be8c6
45.Bg4h3 Ra8e8
46.Qd3d1 Nc4b2
47.Qd1c2 Nb2c4
48.Qc2b3 Re7a7
49.Ra2e2 Ra7e7
50.Bh3g4 Bc6d7
51.Rb4b7 Re8a8
52.Kf2 Ra8e8
53.Re2a2 Re8d8
54.Qb3b4 Qd6xb4
55.cxb4 Nc4d6
56.Rb7b6 Nd6c4
57.Rb6a6 Rd8e8
58.Ra2a1 Bd7c8
59.Ra6c6 Bc8d7
60.Rc6c7 Bd7c8
61.Rc7c5 Bc8b7
62.Bg4e2 Nc4d6
63.Be2d3 Re8f8
64.Ra1xa3 e5
65.dxe5 Re7xe5
66.Ng5f3 Re5e7
67.Ra3a7 Rf8e8
68.b5 Nd6c8
69.Ra7a1 Nc8d6
70.Ra1c1 d4
71.Nf3xd4 { resign }
1-0

[Event "Tourn. n9171"]
[Site "www.chess-mail.com"]
[Date "2017.05.09"]
[Round "1"]
[White "Pellix84"]
[Black "Claudia"]
[WhiteElo "2040"]
[BlackElo "2140"]
[Result "1-0"]
[Round "1"]
1.d4 d5
2.c4 e6
3.Nb1c3 Bf8e7
4.Bc1f4 Ng8f6
5.cxd5 exd5
6.Ng1f3 c6
7.e3 O-O
8.Bf1d3 Bc8e6
9.O-O Nb8d7
10.Qd1b3 Qd8b6
11.Rf1e1 h6
12.Ra1c1 Ra8c8
13.Nc3e2 Qb6xb3
14.axb3 a5
15.h3 Be7b4
16.Re1f1 g5
17.Bf4h2 Nf6e8
18.g4 Kg7
19.Ne2g3 Ne8d6
20.Ng3h5 Kg8
21.Nf3e5 f6
22.Ne5g6 Rf8f7
23.f4 gxf4
24.Bh2xf4 Nd6e4
25.Bf4xh6 Ne4g5
26.Kg2 Ng5e4
27.Rf1f4 Bb4d2
28.Bd3xe4 dxe4
29.Rc1f1 Bd2xe3
30.Rf4xf6 Nd7xf6
31.Nh5xf6 Rf7xf6
32.Rf1xf6 Be3xh6
33.Rf6xe6 Kf7
34.Ng6f4 Bh6xf4
35.Re6xe4 Bf4g5
36.Re4e5 Kf6
37.Re5xa5 Rc8d8
38.Ra5a4 Bg5c1
39.h4  { time }
1-0

[Event "Tourn. n9221"]
[Site "www.chess-mail.com"]
[Date "2017.05.09"]
[Round "1"]
[White "Falcoale"]
[Black "Picifarkinca"]
[WhiteElo "1920"]
[BlackElo "1800"]
[Result "1/2-1/2"]
[Round "1"]
1.e4 c5
2.Ng1f3 Nb8c6
3.c3 e5
4.Bf1d3 d5
5.O-O Ng8f6
6.exd5 Qd8xd5
7.Bd3b5 Bc8d7
8.Rf1e1 Bf8d6
9.c4 Qd5e6
10.d3 O-O
11.Nb1c3 a6
12.Bb5a4 Nc6d4
13.Nf3xd4 cxd4
14.Ba4xd7 Qe6xd7
15.Bc1g5 dxc3
16.Bg5xf6 cxb2
17.Ra1b1 gxf6
18.Rb1xb2 Bd6c5
19.Qd1c2 Rf8d8
20.Rb2b3 Ra8b8
21.Re1d1 b6
22.Rd1e1 Kh8
23.Qc2e2 Rd8g8
24.Kh1 Qd7g4
25.f3 Qg4h4
26.Re1f1 Rg8g6
27.Qe2e4 Qh4xh2
28.Kxh2 Rg6h6
29.Kg3 Rb8g8
30.Qe4g4 f5
31.Qg4xg8 Kxg8
32.Rb3b1 Rh6g6
33.Kh2 Rg6h6
34.Kg3 Rh6g6
35.Kh3 Rg6h6
36.Kg3 Rh6g6
{ draw }
1/2-1/2

[Event "Match"]
[Site "www.echecsemail.com"]
[Date "2017.05.09"]
[Round "1"]
[White "Motorhead99"]
[Black "Claymil"]
[WhiteElo "1599"]
[BlackElo "2050"]
[Result "0-1"]
[Round "1"]
1.e4 c5
2.Ng1f3 Nb8c6
3.d4 cxd4
4.Nf3xd4 g6
5.Nb1c3 Bf8g7
6.Bc1e3 a6
7.Bf1c4 e6
8.O-O Ng8e7
9.a3 Qd8c7
10.Bc4b3 O-O
11.Qd1d2 b5
12.Nd4xc6 Qc7xc6
13.f3 Bc8b7
14.Ra1d1 Rf8d8
15.Nc3d5 exd5
16.exd5 Qc6d6
17.c3 Ne7f5
18.Rf1e1 Nf5xe3
19.Qd2xe3 h5
20.c4 Bg7xb2
21.c5 Qd6f6
{ resign }
0-1

[Event "Match"]
[Site "www.echecsemail.com"]
[Date "2017.05.09"]
[Round "1"]
[White "Rassputin"]
[Black "Carazo"]
[WhiteElo "1349"]
[BlackElo "1610"]
[Result "0-1"]
[Round "1"]
1.e4 e5
2.Ng1f3 Nb8c6
3.c3 Ng8f6
4.h3 Nf6xe4
5.Qd1e2 d5
6.d3 Ne4f6
7.Nb1d2 Bf8c5
8.Nd2b3 Bc5b6
9.Bc1e3 Bb6a5
10.Ra1d1 Ba5b6
11.d4 e4
12.Nf3h4 Nf6g8
13.Qe2c2 Qd8xh4
14.g3 Qh4f6
15.Bf1e2 Bc8f5
 { time }
0-1

[Event "Match"]
[Site "www.echecsemail.com"]
[Date "2017.05.09"]
[Round "1"]
[White "Robinjut"]
[Black "Llcervello"]
[WhiteElo "1590"]
[BlackElo "1560"]
[Result "1-0"]
[Round "1"]
1.e4 e5
2.Ng1f3 Nb8c6
3.Bf1d3 Bf8c5
4.O-O Ng8f6
5.c3 Nf6g4
6.h3 Ng4xf2
7.Qd1e2 Nf2xd3
8.Kh1 Nd3f4
9.Qe2b5 b6
10.d4 a6
11.Qb5c4 Qd8e7
12.dxc5 bxc5
13.Bc1xf4 exf4
14.Nb1d2 d6
15.Ra1e1 a5
16.e5 dxe5
17.Qc4b5 O-O
18.Qb5xc6 Ra8a6
19.Qc6e4 f6
20.Nf3h4 Qe7e6
21.Qe4c4 Qe6xc4
22.Nd2xc4 a4
23.b3 g5
24.Nh4f3 Ra6a8
25.a3 Bc8a6
26.Rf1f2 axb3
27.Nc4b2 Ba6c4
28.Nf3d2 Bc4d5
29.c4 Ra8xa3
30.cxd5 Rf8d8
31.Nd2c4 Ra3a2
32.Re1d1 c6
33.d6 Rd8a8
34.d7 Ra2a1
35.Rd1xa1 Ra8xa1
36.Kh2 Ra1a8
37.Rf2d2 Ra8d8
38.Nc4a5 c4
39.Nb2xc4 e4
40.Na5xc6 e3
41.Nc6xd8 exd2
42.Nc4xd2 b2
43.Nd8c6 Kf7
44.d8Q Kg6
45.Qd8b8 b1Q
46.Qb8xb1 f5
47.Nd2f3 h6
48.h4 g4
49.Nf3e5 Kf6
50.Ne5d7 Ke6
51.Qb1d1 g3
52.Kh3 f3
53.Nd7c5 Kf6
54.Qd1xf3 f4
55.Qf3xf4 Kg7
56.Qf4xg3 Kh7
57.Nc5e6 Kh8
58.Qg3g7 
1-0

[Event "Match"]
[Site "www.echecsemail.com"]
[Date "2017.05.09"]
[Round "1"]
[White "Osvalazo"]
[Black "Gambitmiau"]
[WhiteElo "1810"]
[BlackElo "1940"]
[Result "0-1"]
[Round "1"]
1.e4 Nb8c6
2.Ng1f3 d5
3.exd5 Qd8xd5
4.Nb1c3 Qd5h5
5.Bf1e2 Bc8g4
6.Nf3g1 Bg4xe2
7.Ng1xe2 O-O-O
8.Ne2f4 Qh5e5
9.Nf4e2 e6
10.d3 Bf8b4
11.O-O Ng8f6
12.Bc1f4 Qe5h5
13.Ne2g3 Qh5xd1
14.Nc3xd1 h6
15.a3 Bb4e7
16.b4 Nf6d5
17.Bf4e3 f5
18.Be3c5 Be7xc5
19.bxc5 g5
20.Nd1b2 h5
21.c4 Nd5f4
22.Ra1d1 h4
23.Ng3h1 Nf4e2
{ resign }
0-1

[Event "Match"]
[Site "www.echecsemail.com"]
[Date "2017.05.09"]
[Round "1"]
[White "Motorhead99"]
[Black "Pellix84"]
[WhiteElo "1829"]
[BlackElo "2020"]
[Result "0-1"]
[Round "1"]
1.e4 c6
2.Ng1f3 d5
3.exd5 cxd5
4.Bf1e2 Ng8f6
5.b3 Bc8f5
6.Bc1b2 e6
7.a3 Bf8e7
8.Nf3d4 Bf5g6
9.O-O O-O
10.Nb1c3 Nb8d7
11.Rf1e1 Ra8c8
12.f3 Qd8b6
13.Nc3b5 a6
{ resign }
0-1

[Event "Match"]
[Site "www.echecsemail.com"]
[Date "2017.05.09"]
[Round "1"]
[White "Coraza"]
[Black "Irene"]
[WhiteElo "1800"]
[BlackElo "2140"]
[Result "0-1"]
[Round "1"]
1.c4 e5
2.e4 Ng8f6
3.Nb1c3 Nb8c6
4.Ng1f3 Bf8c5
5.h3 b6
6.Bf1e2 Bc8b7
7.O-O d6
8.d3 Nf6h5
9.Bc1g5 f6
10.Bg5h4 g5
11.Bh4g3 Nh5xg3
12.Rf1e1 Nc6d4
13.Qd1a4 Bb7c6
14.Qa4d1 Ng3xe2
15.Nc3xe2 Nd4xf3
16.gxf3 Bc6d7
17.Kg2 Qd8c8
18.Re1h1 f5
19.Qd1g1 Qc8a6
20.Kf1 O-O-O
21.Ne2c3 Rd8f8
22.Nc3d5 fxe4
23.Qg1xg5 Rf8xf3
24.Nd5e7 Kb7
25.Rh1h2 exd3
26.Qg5g2 Bd7c6
27.Ne7xc6 Rf3xf2
28.Qg2xf2 Bc5xf2
29.Nc6b4 Qa6xc4
30.a3 d2
31.Kxf2 Rh8f8
32.Kg1 Qc4d4
33.Kh1 d1Q
34.Ra1xd1 Qd4xd1
35.Kg2 Qd1f3
{ resign }
0-1

[Event "Match"]
[Site "www.echecsemail.com"]
[Date "2017.05.09"]
[Round "1"]
[White "Fangshuo"]
[Black "Motorhead99"]
[WhiteElo "2060"]
[BlackElo "1799"]
[Result "1-0"]
[Round "1"]
1.e4 e5
2.Ng1f3 Nb8c6
3.Nb1c3 Bf8b4
4.a3 Bb4xc3
5.bxc3 d5
6.exd5 Qd8xd5
7.c4 Qd5e4
8.Bf1e2 Bc8g4
9.d3 Qe4f5
10.O-O O-O-O
11.Nf3g5 Bg4xe2
12.Qd1xe2 Ng8h6
13.Ng5e4 Nc6d4
14.Qe2d2 Qf5g4
15.Qd2a5 Nd4f3
16.Kh1 Qg4h5
17.gxf3 Qh5xf3
18.Kg1 Nh6g4
19.Ne4g3 h5
20.Qa5xa7 h4
21.Ng3e4 f6
22.Ne4c5 g5
23.Qa7a8 { resign }
1-0

[Event "Fast Game"]
[Site "www.echecsemail.com"]
[Date "2017.05.09"]
[Round "1"]
[White "Leonger"]
[Black "Cjood"]
[WhiteElo "1999"]
[BlackElo "1840"]
[Result "1-0"]
[Round "1"]
1.e4 e6
2.d4 c5
3.Ng1f3 Nb8c6
4.Nb1c3 cxd4
5.Nf3xd4 Bf8c5
6.Nd4b5 Qd8b6
7.Qd1d2 Ng8e7
8.Nc3a4 Bc5b4
9.Na4xb6 Bb4xd2
10.Bc1xd2 axb6
11.Nb5c7 Kd8
12.Nc7xa8 { resign }
1-0

[Event "Tourn. n9337"]
[Site "www.chess-mail.com"]
[Date "2017.05.10"]
[Round "1"]
[White "Libiesse"]
[Black "Falcoale"]
[WhiteElo "2010"]
[BlackElo "1950"]
[Result "0-1"]
[Round "1"]
1.d4 Ng8f6
2.c4 e6
3.Ng1f3 b6
4.Bc1g5 h6
5.Bg5h4 Bc8b7
6.e3 Bf8e7
7.Nb1c3 O-O
 { time }
0-1

[Event "Tourn. n9323"]
[Site "www.chess-mail.com"]
[Date "2017.05.10"]
[Round "1"]
[White "Kevinking"]
[Black "Sorento"]
[WhiteElo "1910"]
[BlackElo "2100"]
[Result "0-1"]
[Round "1"]
1.c4 e5
2.Nb1c3 Nb8c6
3.g3 f5
4.Bf1g2 d6
5.d3 Ng8f6
6.Ng1f3 g6
7.e4 Bf8g7
8.O-O O-O
9.Bc1e3 Bc8e6
10.a3 a5
11.Ra1b1 f4
12.Be3d2 Nf6h5
13.Nc3d5 a4
14.Nd5c3 g5
15.Nc3xa4 g4
16.Nf3e1 b5
17.cxb5 Nc6d4
18.Na4c3 f3
19.Bg2h1 Be6b3
{ resign }
0-1

[Event "Tourn. n9350"]
[Site "www.chess-mail.com"]
[Date "2017.05.10"]
[Round "1"]
[White "Picifarkinca"]
[Black "Malbertan"]
[WhiteElo "2090"]
[BlackElo "2160"]
[Result "1-0"]
[Round "1"]
1.Ng1f3 Ng8f6
2.g3 d5
3.Bf1g2 c6
4.O-O Bc8f5
5.d3 Nb8d7
6.Nb1d2 e5
7.Nf3h4 Bf5e6
8.e4 d4
9.f4 Be6g4
10.Qd1e1 c5
11.h3 exf4
12.hxg4 fxg3
13.Qe1xg3 Bf8e7
14.Nh4f5 Be7f8
15.Nd2f3 Nd7b6
16.Bc1g5 g6
17.Qg3e5 { resign }
1-0

[Event "Tourn. n9330"]
[Site "www.chess-mail.com"]
[Date "2017.05.10"]
[Round "1"]
[White "Francesco"]
[Black "Coolant"]
[WhiteElo "2110"]
[BlackElo "2280"]
[Result "0-1"]
[Round "1"]
1.e4 Nb8c6
2.Ng1f3 e5
3.Bf1b5 f5
4.exf5 e4
5.Bb5xc6 dxc6
6.Nf3e5 Bc8xf5
7.O-O Qd8d4
8.Ne5g4 O-O-O
9.Nb1c3 Ng8f6
10.Ng4xf6 gxf6
11.Qd1h5 Bf5g6
12.Qh5g4 f5
13.Qg4h3 Bf8d6
14.Rf1d1 Rd8d7
15.d3 Qd4e5
16.dxe4 fxe4
17.Bc1e3 Bg6f5
18.Qh3h5 Rh8g8
19.g3 Qe5e6
20.Rd1e1 Bd6e5
21.Nc3a4 b6
22.Ra1d1 Bf5g4
23.Qh5h4 Bg4xd1
{ resign }
0-1

[Event "Tourn. n9314"]
[Site "www.chess-mail.com"]
[Date "2017.05.10"]
[Round "1"]
[White "Seger"]
[Black "Cristiano"]
[WhiteElo "2670"]
[BlackElo "2240"]
[Result "1-0"]
[Round "1"]
1.d4 d5
2.c4 e6
3.e3 Ng8f6
4.Ng1f3 Bf8d6
5.a3 c6
6.b4 Nb8d7
7.Bc1b2 O-O
8.Nb1d2 a5
9.c5 Bd6e7
10.Bf1d3 axb4
11.axb4 Ra8xa1
12.Qd1xa1 Qd8c7
13.Qa1a7 Be7d8
14.O-O h6
15.Rf1a1 Kh8
16.Bb2c3 b5
17.Nd2b3 Bc8b7
18.Nb3a5 Bb7c8
19.Qa7xc7 Bd8xc7
20.Na5xc6 Nf6e4
21.Ra1a7 Ne4xc3
22.Ra7xc7 g5
23.Nc6a7 g4
24.Na7xc8 gxf3
25.Nc8d6 Nc3e2
26.Kf1 fxg2
27.Kxg2 Ne2c1
28.Bd3xb5 Rf8g8
29.Kf3 Nd7f6
30.Rc7xf7 Rg8g6
31.c6 Nc1a2
32.c7 Na2xb4
33.c8Q Nf6g8
34.Qc8d7 Rg6f6
35.Ke2 Rf6xf7
36.Qd7xf7 Nb4a2
37.Qf7g6 { resign }
1-0

[Event "Tourn. n9338"]
[Site "www.chess-mail.com"]
[Date "2017.05.10"]
[Round "1"]
[White "Cal"]
[Black "Redabond"]
[WhiteElo "1720"]
[BlackElo "1710"]
[Result "1-0"]
[Round "1"]
1.d4 d5
2.h3 Bc8f5
3.Nb1c3 Ng8f6
4.Ng1f3 Nb8c6
5.a3 e6
6.Bc1g5 Bf8e7
7.e3 h6
8.Bf1b5 Qd8d6
9.O-O a6
10.Bb5xc6  { time }
1-0

[Event "Tourn. n9296"]
[Site "www.chess-mail.com"]
[Date "2017.05.10"]
[Round "1"]
[White "Nimzo"]
[Black "Conde7"]
[WhiteElo "2720"]
[BlackElo "2860"]
[Result "1/2-1/2"]
[Round "1"]
1.d4 d5
2.c4 dxc4
3.e3 e6
4.Bf1xc4 a6
5.Ng1f3 Ng8f6
6.O-O c5
7.Bc4b3 b5
8.a4 b4
9.e4 Bc8b7
10.e5 Nf6e4
11.Nb1d2 Ne4xd2
12.Bc1xd2 cxd4
13.Nf3g5 Bf8e7
14.Qd1h5 Be7xg5
15.Bd2xg5 Qd8d7
16.f4 Bb7d5
17.Bb3xd5 Qd7xd5
18.f5 Nb8d7
19.Ra1e1 d3
20.Bg5d2 { draw }
1/2-1/2

[Event "Tourn. n9344"]
[Site "www.chess-mail.com"]
[Date "2017.05.10"]
[Round "1"]
[White "Sorento"]
[Black "Said1991"]
[WhiteElo "2260"]
[BlackElo "2219"]
[Result "1-0"]
[Round "1"]
1.e4 c6
2.d4 d5
3.Nb1c3 dxe4
4.Nc3xe4 Bc8f5
5.Ne4g3 Bf5g6
6.Ng1f3 Nb8d7
7.Bc1f4 e6
8.h4 h6
9.h5 Bg6h7
10.Bf1d3 Bh7xd3
11.Qd1xd3 Ng8f6
12.O-O-O Nf6d5
13.Bf4d2 Qd8c7
14.Kb1 O-O-O
15.c4 Nd5f4
16.Qd3c2 c5
17.Bd2xf4 Qc7xf4
18.d5 exd5
19.Rd1xd5 Qf4c7
20.Rh1d1 Bf8e7
21.Qc2f5 Be7f6
22.Ng3e4 b6
23.Ne4d6 Kb8
24.Nd6xf7 { resign }
1-0

[Event "Tourn. n9299"]
[Site "www.chess-mail.com"]
[Date "2017.05.10"]
[Round "1"]
[White "Amaya"]
[Black "Panham"]
[WhiteElo "2100"]
[BlackElo "2140"]
[Result "0-1"]
[Round "1"]
1.d4 Ng8f6
2.e3 e6
3.Bf1d3 b6
4.f4 Bc8b7
5.Ng1f3 Bb7e4
6.Nb1d2 Be4xd3
7.cxd3 d5
8.O-O c5
9.Nf3e5 Qd8c7
10.Qd1f3 Nb8c6
11.a3 cxd4
12.e4 Bf8d6
13.Nd2b3 Nc6xe5
14.fxe5 Bd6xe5
15.Bc1g5 dxe4
16.dxe4 Be5xh2
17.Kh1 Bh2e5
18.Ra1c1 Qc7d6
19.Nb3d2 b5
20.b4 O-O
21.Nd2b3 Nf6d7
22.Nb3a5 Qd6a6
23.Rc1c6 Nd7b6
24.Bg5e7 h6
25.Be7xf8 Ra8xf8
26.Qf3h5 Be5f6
27.Rf1f3 Rf8c8
28.e5 Rc8xc6
29.Na5xc6 Qa6a4
30.Rf3xf6 gxf6
31.Nc6e7 Kf8
32.Ne7c6 Qa4xa3
33.Qh5xh6 Ke8
34.exf6 Nb6d5
35.Nc6e5 Qa3xb4
36.Qh6h5 Qb4f8
37.Qh5e2 Qf8h6
38.Kg1 Qh6e3
39.Qe2xe3 Nd5xe3
40.Ne5c6 d3
41.Kf2 d2
{ resign }
0-1

[Event "Tourn. n9310"]
[Site "www.chess-mail.com"]
[Date "2017.05.10"]
[Round "1"]
[White "Cristiano"]
[Black "Picifarkinca"]
[WhiteElo "2240"]
[BlackElo "2080"]
[Result "1-0"]
[Round "1"]
1.e4 c6
2.d4 d5
3.Nb1c3 dxe4
4.Nc3xe4 Nb8d7
5.Bf1c4 e6
6.Ng1f3 Ng8f6
7.Bc1g5 Qd8a5
8.Ne4c3 Nf6e4
9.Bg5d2 Ne4xd2
10.Qd1xd2 Bf8e7
11.O-O O-O
12.a3 Qa5c7
13.Bc4d3 Nd7f6
14.Nc3e4 h6
15.c4 Rf8d8
16.Qd2c3 b6
17.Nf3e5 c5
18.dxc5 Nf6xe4
19.Bd3xe4 Be7f6
20.Ra1d1 Bc8a6
21.Be4xa8 Rd8xd1
22.Rf1xd1 Bf6xe5
23.Qc3d3 { resign }
1-0

[Event "Tourn. n9323"]
[Site "www.chess-mail.com"]
[Date "2017.05.10"]
[Round "1"]
[White "Claymil"]
[Black "Sorento"]
[WhiteElo "1979"]
[BlackElo "2100"]
[Result "0-1"]
[Round "1"]
1.c4 e5
2.Nb1c3 Nb8c6
3.g3 d6
4.Bf1g2 f5
5.e3 Ng8f6
6.Ng1e2 g6
7.O-O Bf8g7
8.d4 e4
9.a3 O-O
10.b4 a6
11.Bc1b2 d5
12.cxd5 Nf6xd5
13.Nc3xd5 Qd8xd5
14.Ra1c1 Rf8e8
15.Ne2f4 Qd5f7
16.Qd1c2 g5
17.Nf4e2 Bc8e6
18.Ne2c3 Be6b3
19.Qc2d2 Ra8d8
20.Nc3e2 Nc6e5
21.Qd2c3 Ne5f3
22.Kh1 c6
23.Ne2g1 Bb3d5
24.Rf1d1 f4
25.exf4 gxf4
26.Ng1xf3 exf3
27.Bg2xf3 fxg3
28.Bf3xd5 Qf7xd5
29.f3 Re8e2
30.Rc1c2 Re2xc2
31.Qc3xc2 Qd5xf3
32.Kg1 gxh2
33.Qc2xh2 Qf3xd1
34.Kg2 Qd1e2
35.Kh3 Qe2f3
36.Qh2g3 Qf3xg3
37.Kxg3 Bg7xd4
38.Bb2c1 Rd8e8
{ resign }
0-1

[Event "Match"]
[Site "www.echecsemail.com"]
[Date "2017.05.10"]
[Round "1"]
[White "Mrynmryn"]
[Black "Pare123"]
[WhiteElo "2090"]
[BlackElo "2090"]
[Result "1-0"]
[Round "1"]
1.Ng1f3 d5
2.d4 Nb8c6
3.Bc1f4 Ng8f6
4.h3 Bc8f5
5.e3 h6
6.c4 dxc4
7.Bf1xc4 e6
8.O-O Bf8b4
9.a3 a6
10.axb4 Nc6xb4
11.Qd1a4 Nb4c6
12.Bc4b5 Qd8d5
13.Bb5xc6 bxc6
14.Rf1c1 O-O
15.Qa4xc6 Qd5xc6
16.Rc1xc6 a5
17.Rc6xc7 Nf6d5
18.Rc7b7 Nd5b4
19.Bf4d6 Rf8c8
20.Nb1d2 Nb4d3
21.Nf3e5 Nd3xe5
22.Bd6xe5 a4
23.e4 Bf5g6
24.f3 Rc8c2
25.Nd2f1 h5
26.Rb7b4 f5
27.exf5 Bg6xf5
28.Rb4b7 g6
29.Nf1e3  { time }
1-0

[Event "Match"]
[Site "www.echecsemail.com"]
[Date "2017.05.10"]
[Round "1"]
[White "Mrynmryn"]
[Black "Motorhead99"]
[WhiteElo "1690"]
[BlackElo "1599"]
[Result "1-0"]
[Round "1"]
1.Ng1f3 d5
2.d4 Nb8c6
3.Bc1f4 Bc8f5
4.e3 Ng8f6
5.a3 a6
6.c4 e6
7.Bf1d3 dxc4
8.Bd3xc4 Bf8e7
9.O-O O-O
10.Nf3e5 Nc6xe5
11.Bf4xe5 Nf6e4
12.Nb1d2 b5
13.Nd2xe4 Bf5xe4
14.Bc4d3 f5
15.Bd3xe4 fxe4
16.Qd1c2 Be7d6
17.Qc2xe4 Bd6xe5
18.Qe4xe5 Rf8f6
19.Rf1c1 { resign }
1-0

[Event "Match"]
[Site "www.echecsemail.com"]
[Date "2017.05.10"]
[Round "1"]
[White "Fangshuo"]
[Black "Cjood"]
[WhiteElo "2060"]
[BlackElo "1900"]
[Result "1-0"]
[Round "1"]
1.e4 g6
2.Ng1f3 d5
3.e5 f6
4.d4 fxe5
5.Nf3xe5 c5
6.Qd1f3 Ng8f6
7.dxc5 Qd8c7
8.Bc1f4 Qc7xc5
9.Nb1c3 a6
10.O-O-O Bc8e6
11.Nc3a4 Qc5a5
12.Qf3b3 b5
13.Na4c5 Be6f5
14.Bf1d3 Bf5xd3
15.Rd1xd3 Ra8a7
16.Nc5e6 Nf6e4
17.Qb3xd5 Ne4xf2
18.Qd5d8 { resign }
1-0

[Event "Match"]
[Site "www.echecsemail.com"]
[Date "2017.05.10"]
[Round "1"]
[White "Chessington"]
[Black "Andregor"]
[WhiteElo "2039"]
[BlackElo "2550"]
[Result "1-0"]
[Round "1"]
1.d4 e6
2.Ng1f3 Ng8f6
3.e3 b6
4.Bf1d3 d5
5.O-O Bf8d6
6.b3 Nb8d7
7.Qd1e2 Bc8b7
8.Bc1b2 Qd8e7
9.Nf3e5 O-O
10.a4 a5
11.f3 Rf8e8
12.Nb1d2 c5
13.f4 Re8d8
14.Rf1f3 Nf6e4
15.Rf3h3 Nd7f8
16.Nd2xe4 dxe4
17.Bd3b5 cxd4
18.exd4 f5
19.Ra1f1 Ra8c8
20.c4 Rc8c7
21.Qe2h5 Bd6b4
22.Rh3g3 g6
23.d5 Qe7c5
24.Kh1 Rc7g7
25.Qh5h6 Qc5e7
26.h4 exd5
27.cxd5 Bb7xd5
28.h5 Bb4a3
29.Bb2xa3 Qe7xa3
30.hxg6 hxg6
31.Ne5xg6 Nf8xg6
32.Rg3xg6 Qa3b2
33.Rf1d1 Kf7
34.Rg6xg7 Kf8
35.Qh6h8 { resign }
1-0

[Event "Match"]
[Site "www.echecsemail.com"]
[Date "2017.05.10"]
[Round "1"]
[White "Jesmantiz"]
[Black "Liencam2"]
[WhiteElo "2160"]
[BlackElo "2340"]
[Result "0-1"]
[Round "1"]
1.d4 Ng8f6
2.e3 c5
3.c3 b6
4.f4 Bc8b7
5.Ng1f3 g6
6.dxc5 bxc5
7.Bf1e2 d5
8.O-O Bf8g7
9.Nb1d2 Nb8d7
10.Qd1c2 O-O
11.Nd2b3 Ra8c8
12.c4 Rf8e8
13.Bc1d2 Nd7b6
14.cxd5 Nf6xd5
15.a3 Qd8d6
16.Ra1d1 c4
17.Nb3a5 Bb7a8
18.Nf3g5 c3
19.bxc3 Qd6xa3
20.Rd1a1 Qa3c5
21.Na5b3 Qc5c7
22.Nb3d4 Nd5xc3
23.Bd2xc3 Qc7xc3
24.Qc2xc3 Rc8xc3
25.Be2b5 Re8d8
26.Ra1xa7 Bg7xd4
27.exd4 Rc3c2
28.Ra7xe7 Rc2xg2
{ resign }
0-1

[Event "Match"]
[Site "www.echecsemail.com"]
[Date "2017.05.10"]
[Round "1"]
[White "Biggles"]
[Black "Cjood"]
[WhiteElo "2110"]
[BlackElo "2070"]
[Result "1-0"]
[Round "1"]
1.e4 e5
2.Ng1f3 Nb8c6
3.Bf1c4 Ng8f6
4.d4 exd4
5.O-O Bf8c5
6.Bc1g5 O-O
7.e5 d5
8.Bc4d3 Nc6xe5
9.Nf3xe5 Bc5d6
10.Ne5f3 c5
11.c4 dxc3
12.Nb1xc3 Bc8e6
13.Qd1c2 g6
14.Rf1e1 a6
15.Nf3e5 d4
16.Nc3b1 Kg7
17.Nb1d2 Be6d5
18.Bg5xf6 Kxf6
19.Nd2f3 Bd6xe5
20.Nf3xe5 Kg7
21.Qc2xc5 Ra8c8
22.Qc5xd4 f6
23.Ne5g4 Qd8a5
24.Re1e7 Rf8f7
25.Re7xf7 Kxf7
26.Qd4xf6 Ke8
27.Ng4e5 Qa5c5
28.Ra1e1 { resign }
1-0

[Event "Match"]
[Site "www.echecsemail.com"]
[Date "2017.05.10"]
[Round "1"]
[White "Micheles"]
[Black "Chessington"]
[WhiteElo "2540"]
[BlackElo "1499"]
[Result "0-1"]
[Round "1"]
1.d4 e6
2.Ng1f3 Ng8f6
3.Bc1g5 c5
4.e3 Qd8b6
5.Qd1c1 Nb8c6
6.c3 d5
7.Nb1d2 cxd4
8.exd4 e5
9.Bf1e2 h6
10.Bg5e3 e4
11.Nf3e5 Bf8e7
12.O-O O-O
13.Ne5xc6 bxc6
14.Be3f4 a5
15.f3 c5
16.Bf4e5 a4
17.fxe4 cxd4
18.Be5xd4 Be7c5
19.exd5 Bc5xd4
20.cxd4 Qb6xd4
21.Kh1 Nf6xd5
22.Nd2c4 Bc8e6
23.Rf1d1 Qd4f6
24.Rd1f1 Qf6h4
25.b3 Ra8b8
26.Ra1b1 Rf8d8
27.Rb1b2 Rd8c8
28.Qc1d2 Qh4g5
29.bxa4 Rb8xb2
 { time }
0-1

[Event "Match"]
[Site "www.echecsemail.com"]
[Date "2017.05.10"]
[Round "1"]
[White "Whitekknight"]
[Black "Motorhead99"]
[WhiteElo "2000"]
[BlackElo "1599"]
[Result "1-0"]
[Round "1"]
1.d4 d5
2.e4 dxe4
3.Nb1c3 e5
4.f3 Qd8xd4
5.Qd1xd4 exd4
6.Nc3xe4 Nb8c6
7.Bf1b5 Bc8f5
8.Ng1e2 Bf5xe4
9.fxe4 Bf8c5
10.Bb5xc6 bxc6
11.Bc1f4 Ng8f6
12.Ne2g3 O-O-O
13.O-O-O Nf6g4
14.Rd1f1 f6
15.h3 Ng4e3
16.Rf1f2 Bc5d6
17.Bf4xe3 dxe3
18.Rf2f3 Rh8e8
19.Ng3e2 Re8xe4
20.Rh1d1 a5
21.Rd1d3 Bd6c5
22.Rd3xd8 Kxd8
23.c3 Ke7
24.Kc2 a4
25.Kd3 Re4e5
26.Rf3f4 Re5d5
27.Ne2d4 Bc5xd4
28.cxd4 c5
29.Rf4e4 Kd7
30.Kxe3 cxd4
31.Re4xd4 Rd5xd4
32.Kxd4 Kd6
33.Kc4 Kc6
34.Kb4 Kb6
35.Kxa4 c5
36.Kb3 g6
37.Kc4 h6
38.b4 cxb4
39.Kxb4 f5
40.Kc4 g5
41.Kd5 f4
42.Ke4 Kc5
43.Ke5 { resign }
1-0

[Event "Match"]
[Site "www.echecsemail.com"]
[Date "2017.05.10"]
[Round "1"]
[White "Irene"]
[Black "Osvalazo"]
[WhiteElo "2150"]
[BlackElo "1760"]
[Result "0-1"]
[Round "1"]
1.d4 e6
2.e4 d5
3.e5 Nb8c6
4.Ng1f3 b6
5.Bf1b5 Bc8b7
6.O-O Qd8e7
7.b3 Qe7b4
8.a4 Qb4e7
9.Bc1a3 Qe7d7
10.Ba3xf8 Kxf8
11.Nb1d2 a6
12.Bb5d3 h5
13.Nf3g5 Nc6xd4
14.Rf1e1 Qd7e7
15.Ng5h7 Ke8
16.Qd1xh5 Ng8h6
17.Nh7g5 g6
18.Qh5h4 a5
19.Nd2f1 Kd7
20.Nf1e3 Nh6f5
21.Qh4f4 c5
22.Ne3g4 Rh8h5
23.Ng4f6 Kc7
24.Nf6xh5 gxh5
25.Ra1b1 Ra8g8
26.Ng5f3 Rg8g4
27.Qf4c1 Nd4xf3
28.Kf1 Nf3xe1
29.Qc1xe1 Nf5h4
30.g3 Nh4f3
31.Qe1e2 d4
32.h3 Rg4g7
33.Bd3e4 Bb7xe4
34.Qe2xe4 Nf3d2
35.Kg2 Nd2xe4
36.Rb1e1 Ne4g5
37.h4 Ng5h7
38.Re1e4 f5
39.Re4e1 Qe7xh4
40.Kf3 Nh7g5
41.Ke2 Qh4g4
42.Kd3 Qg4f3
43.Kc4 Kc6
44.b4 Qf3c3

0-1